000 00737nam a2200241 i 4500
001 31795
003 ES-MaACL
005 20240510063033.0
007 t|
008 210830s2007 sp 0011p spa d
020 _a978-84-96932-03-6
080 _a821.134.2-14"19"
100 1 _aTundidor, Jesús Hilario,
_d1935-
_9111674
245 1 0 _aFue /
_cJesús Hilario Tundidor.
260 _aPalencia :
_bCálamo,
_c[2007]
300 _a98 p. ;
_c21 cm.
490 1 _aCálamo poesía ;
_v1
830 1 _aCálamo poesía ;
_v1
_9191430
852 4 _aES-MaACL
_jA-14754
_932966
_bR.152738
_cDEPO1
_dOlim: N-7754
_hDonación: Editorial
942 _2udc
_cMONOGRAFIA
999 _c31795
_d31795